<?xml version="1.0" encoding="UTF-8"?>
<record
    xmlns:xsi="http://www.w3.org/2001/XMLSchema-instance"
    xsi:schemaLocation="http://www.loc.gov/MARC21/slim http://www.loc.gov/standards/marcxml/schema/MARC21slim.xsd"
    xmlns="http://www.loc.gov/MARC21/slim">

  <leader>01208 am a2200217 a 4500</leader>
  <controlfield tag="005">20240628100501.0</controlfield>
  <controlfield tag="008">100914s1985||||ve #   f |||| 001 0 spa d</controlfield>
  <datafield tag="020" ind1=" " ind2=" ">
    <subfield code="a">9802651915</subfield>
  </datafield>
  <datafield tag="041" ind1=" " ind2=" ">
    <subfield code="a">spa</subfield>
  </datafield>
  <datafield tag="092" ind1=" " ind2=" ">
    <subfield code="c">610.09095</subfield>
    <subfield code="l">51</subfield>
    <subfield code="s">MED</subfield>
  </datafield>
  <datafield tag="110" ind1="1" ind2=" ">
    <subfield code="a">Federaci&#xF3;n Panamericana de Asociaciones de facultades (escuelas) de Medicina.</subfield>
    <subfield code="9">1461</subfield>
    <subfield code="g">FEPAFEM</subfield>
  </datafield>
  <datafield tag="245" ind1=" " ind2=" ">
    <subfield code="a">M&#xE9;dicos para el siglo XXI. Informe del grupo de estudio de la A.A.M.C, sobre la educaci&#xF3;n profesional general del m&#xE9;dico y la preparaci&#xF3;n universitaria prem&#xE9;dica. </subfield>
    <subfield code="n">N&#xB0;6 / </subfield>
    <subfield code="c">Federaci&#xF3;n Panamericana de Asociaciones de Facultades (escuelas) de Medicina.</subfield>
  </datafield>
  <datafield tag="250" ind1=" " ind2=" ">
    <subfield code="a">1a ed.</subfield>
    <subfield code="b">Traducci&#xF3;n Carlos Lu&#xED;s Gonz&#xE1;lez.</subfield>
  </datafield>
  <datafield tag="260" ind1=" " ind2=" ">
    <subfield code="a">Caracas [Venezuela]: </subfield>
    <subfield code="b">Fondo Editorial FEPAFAM, </subfield>
    <subfield code="c">1985.</subfield>
  </datafield>
  <datafield tag="300" ind1=" " ind2=" ">
    <subfield code="a">81 p.</subfield>
  </datafield>
  <datafield tag="500" ind1=" " ind2=" ">
    <subfield code="a">Federaci&#xF3;n Panamericana de asociaciones de Facultades (escuelas) de Medicina (FEPAFAM). (1985). M&#xE9;dicos para el siglo XXI. Informe del grupo de estudio de la A.A.M.C, sobre la educaci&#xF3;n profesional general del m&#xE9;dico y la preparaci&#xF3;n universitaria prem&#xE9;dica. N&#xB0;6 (1a ed.). Caracas [Venezuela] : Fondo Editorial FEPAFEM.</subfield>
  </datafield>
  <datafield tag="653" ind1=" " ind2=" ">
    <subfield code="a">Ciencias m&#xE9;dicas</subfield>
  </datafield>
  <datafield tag="653" ind1=" " ind2=" ">
    <subfield code="a">Formacion m&#xE9;dica</subfield>
  </datafield>
  <datafield tag="930" ind1=" " ind2=" ">
    <subfield code="a">533</subfield>
  </datafield>
  <datafield tag="942" ind1=" " ind2=" ">
    <subfield code="2">ddc</subfield>
    <subfield code="c">BK</subfield>
  </datafield>
  <datafield tag="999" ind1=" " ind2=" ">
    <subfield code="c">723</subfield>
    <subfield code="d">723</subfield>
  </datafield>
  <datafield tag="952" ind1=" " ind2=" ">
    <subfield code="0">0</subfield>
    <subfield code="1">0</subfield>
    <subfield code="4">0</subfield>
    <subfield code="7">0</subfield>
    <subfield code="a">BFM</subfield>
    <subfield code="b">BFM</subfield>
    <subfield code="c">CR</subfield>
    <subfield code="d">2011-05-13</subfield>
    <subfield code="l">0</subfield>
    <subfield code="o">610.09095 51 MED</subfield>
    <subfield code="p">533</subfield>
    <subfield code="r">2014-11-06</subfield>
    <subfield code="t">ej.1</subfield>
    <subfield code="w">2011-05-13</subfield>
    <subfield code="y">BK</subfield>
  </datafield>
</record>
